| 000 -CABECERA |
| campo de control de longitud fija |
00570nam a2200181 a 4500 |
| 001 - NÚMERO DE CONTROL |
| campo de control |
$$a0000020211 |
| 005 - FECHA Y HORA DE LA ÚLTIMA TRANSACCIÓN |
| campo de control |
20200120222040.0 |
| 008 - DATOS DE LONGITUD FIJA--INFORMACIÓN GENERAL |
| campo de control de longitud fija |
020219s1976 mexa gr0 000 d |
| 090 ## - LOCALMENTE ASIGNADO TIPO-LC NÚMERO DE CLASIFICACIÓN (OCLC); NÚMERO DE CLASIFICACIÓN LOCAL (RLIN) |
| Número de clasificación (OCLC) (R) ; Numero de clasificación, CALL (RLIN) (NR) |
AC |
| Número cutter local (OCLC) ; Número de libro/Signatura topográfica íntegra, CALL (RLIN) |
IRVc |
| 100 0# - ENTRADA PRINCIPAL--NOMBRE DE PERSONA |
| Nombre de persona |
Irving, Washington |
| 245 10 - MENCIÓN DE TÍTULO |
| Título |
Cuentos de la Alhambra / |
| Mención de responsabilidad, etc. |
Washington Irving; traducción : José Méndez Herrera; ilustración : Joseph Pennell. |
| 260 ## - PUBLICACIÓN, DISTRIBUCIÓN, ETC. |
| Lugar de publicación, distribución, etc. |
México |
| Nombre del editor, distribuidor, etc. |
aguilar |
| Fecha de publicación, distribución, etc. |
1976 |
| 300 ## - DESCRIPCIÓN FÍSICA |
| Extensión |
471 p. |
| 490 ## - MENCIÓN DE SERIE |
| Mención de serie |
Crisol literario |
| 650 14 - PUNTO DE ACCESO ADICIONAL DE MATERIA--TÉRMINO DE MATERIA |
| Término de materia o nombre geográfico como elemento de entrada |
LITERATURA ESTADOUNIDENSE |
| 650 14 - PUNTO DE ACCESO ADICIONAL DE MATERIA--TÉRMINO DE MATERIA |
| Término de materia o nombre geográfico como elemento de entrada |
CUENTOS ESTADOUNIDENSES |
| 700 1# - PUNTO DE ACCESO ADICIONAL--NOMBRE DE PERSONA |
| Nombre de persona |
Méndez Herrera, José, tr |